Historia Latinoamericana - Selección de Azulejos - Estadísticas

Estadísticas generales
  • Esta prueba ha sido intentada 2.121 veces
  • La puntuación promedio es 34 de 45
Estadísticas de respuestas
Pregunta Azulejo Select % Correcto
las personas que nacieran en Latinoamérica. Cristóbal Colón No
98%
las personas que nacieran en Latinoamérica. Cristiano Ronaldo No
96%
las personas que hayan sido presidente de un país latinoamericano. Cristóbal Colón No
93%
las personas que nacieran en Latinoamérica. Papa Francisco
93%
los imperios que hayan colonizado una parte que pertenece a Latinoamérica moderna. Imperio español
92%
los imperios que hayan colonizado una parte que pertenece a Latinoamérica moderna. Imperio romano No
92%
los imperios que hayan colonizado una parte que pertenece a Latinoamérica moderna. Imperio ruso No
92%
las personas que hayan sido presidente de un país latinoamericano. Napoleón Bonaparte No
92%
las personas que hayan sido presidente de un país latinoamericano. Shakira No
92%
las personas que hayan sido presidente de un país latinoamericano. Hugo Chávez
91%
las personas que nacieran en Latinoamérica. Simón Bolívar
91%
los eventos que hayan sucedido en Latinoamérica moderna. Construcción del RMS Titanic No
90%
las guerras que hayan tenido batallas en latinoamérica. Revolución francesa No
90%
los eventos que hayan sucedido en Latinoamérica moderna. Construcción del Canal de Panamá
89%
las personas que nacieran en Latinoamérica. Frida Kahlo
89%
los imperios que hayan colonizado una parte que pertenece a Latinoamérica moderna. Imperio alemán No
89%
las personas que nacieran en Latinoamérica. Gabriel García Márquez
88%
las personas que hayan sido presidente de un país latinoamericano. Andrés Manuel López Obrador
87%
los imperios que hayan colonizado una parte que pertenece a Latinoamérica moderna. Imperio colonial italiano No
86%
las guerras que hayan tenido batallas en latinoamérica. Guerra mexicano-estadounidense
85%
las personas que nacieran en Latinoamérica. Hernán Cortés No
84%
las guerras que hayan tenido batallas en latinoamérica. Guerra filipino-estadounidense No
83%
los imperios que hayan colonizado una parte que pertenece a Latinoamérica moderna. Imperio colonial francés
81%
las guerras que hayan tenido batallas en latinoamérica. Primera Cruzada No
76%
los eventos que hayan sucedido en Latinoamérica moderna. Primer Copa Mundial de la FIFA
75%
los eventos que hayan sucedido en Latinoamérica moderna. Fundación de la colonia de Jamestown No
73%
las guerras que hayan tenido batallas en latinoamérica. Guerra de Independencia de los Estados Unidos No
73%
los imperios que hayan colonizado una parte que pertenece a Latinoamérica moderna. Imperio azteca
72%
las personas que hayan sido presidente de un país latinoamericano. Alberto Fujimori
70%
los imperios que hayan colonizado una parte que pertenece a Latinoamérica moderna. Imperio incaico
68%
las personas que nacieran en Latinoamérica. Guillermo del Toro
67%
los eventos que hayan sucedido en Latinoamérica moderna. Aparición de Nuestra Señora de Guadalupe
66%
los eventos que hayan sucedido en Latinoamérica moderna. Batalla de El Álamo No
66%
las guerras que hayan tenido batallas en latinoamérica. Guerra del Pacífico
64%
los eventos que hayan sucedido en Latinoamérica moderna. Detención de Guantánamo
62%
los eventos que hayan sucedido en Latinoamérica moderna. Fundación de misiones por Junípero Serra No
62%
los imperios que hayan colonizado una parte que pertenece a Latinoamérica moderna. Imperio neerlandés
62%
las guerras que hayan tenido batallas en latinoamérica. Revolución Sandinista
59%
los eventos que hayan sucedido en Latinoamérica moderna. Asesinato de Francisco Pizarro
58%
las personas que hayan sido presidente de un país latinoamericano. Dilma Rousseff
54%
las personas que hayan sido presidente de un país latinoamericano. Pedro I de Brasil No
54%
las personas que nacieran en Latinoamérica. Jennifer Lopez No
51%
las personas que hayan sido presidente de un país latinoamericano. José de San Martín No
47%
las guerras que hayan tenido batallas en latinoamérica. Guerra Grande
41%
las guerras que hayan tenido batallas en latinoamérica. Segunda Guerra Mundial
11%
No se encontraron pruebas coincidentes
Distribución de puntuación
Porcentaje de gente con cada puntuación
Porcentaje por número respondido
Historial de tus puntuaciones
No has intentado esta prueba.